| 000 | 00749cam a2200265 4500500 | ||
|---|---|---|---|
| 005 | 20260329004731.0 | ||
| 041 | _afre | ||
| 042 | _adc | ||
| 100 | 1 | 0 |
_ade Oliveira, Victorine _eauthor |
| 245 | 0 | 0 | _aPierre Ducrozet : “Deleuze est un moteur pour la création” |
| 260 | _c2021. | ||
| 500 | _a96 | ||
| 690 | _aDeleuze | ||
| 690 | _aFuite | ||
| 690 | _aInternet | ||
| 690 | _aLangue | ||
| 690 | _aLittérature | ||
| 690 | _aPierre Ducrozet | ||
| 690 | _aRéseaux | ||
| 690 | _aRhizome | ||
| 690 | _aroman | ||
| 690 | _aVoyage | ||
| 786 | 0 | _nPhilosophie magazine | 146 | 2 | 2021-02-01 | p. 60-62 | 1951-1787 | |
| 856 | 4 | 1 | _uhttps://shs.cairn.info/magazine-philosophie-magazine-2021-2-page-60?lang=fr&redirect-ssocas=7080 |
| 999 |
_c1836774 _d1836774 |
||